|
|
|
|
| LEADER |
00000nsc a2200000 a 4500 |
| 001 |
29741-5 |
| 005 |
20230308215707.0 |
| 008 |
011032|1997 ||||||||r|||||||||||spa|| |
| 022 |
|
|
|a 13155725
|
| 040 |
|
|
|b spa
|
| 041 |
1 |
|
|a spa
|
| 082 |
0 |
|
|a 617.605
|
| 245 |
|
|
|a La unión inicial de los cementos resinosos a la dentina - efcto de las condiciones del medio sobre la misma
|c M. F. Burrow
|h imp
|
| 264 |
|
|
|a Caracas
|b Actualidades Médico Odontológicas Latinoamérica
|c 1997/1998
|
| 300 |
|
|
|a pp 65-73
|b ilu
|
| 310 |
|
|
|a Bimestral
|
| 362 |
|
|
|a Año 13 N° 5
|
| 504 |
|
|
|a incl. ref.
|
| 520 |
3 |
|
|a La finalidad de este estudio fue el evaluar la resistencia inicial de la unión ante fuerzas traccionales de tres cementos resinosos comerciales a la dentina de bovinos
|
| 650 |
|
|
|a Cementos resinosos
|9 303111
|
| 650 |
|
|
|a Dentina
|9 88609
|
| 650 |
|
|
|a Avances de la odontología
|9 303112
|
| 700 |
|
|
|a Burrow, M. F
|9 303113
|
| 700 |
|
|
|a Nikaido, T
|9 303114
|
| 700 |
|
|
|a Satoh, M
|9 303115
|
| 700 |
|
|
|a Tagami, J
|9 303116
|
| 710 |
|
|
|a Journal de Clínica en Odontología
|9 280857
|
| 773 |
|
|
|t Journal de Clínica en Odontología
|
| 852 |
|
|
|a UC-SALUD
|c ESTANTERIA ABIERTA
|f Compra
|k luis.contrerase
|l 1
|m General
|p 20110327
|q $ 90
|r 1
|t 29741-5
|b 0
|d CDRS
|e CDRS
|g 617.605 ESTANTERIA ABIERTA
|z 2011-10-32
|
| 942 |
|
|
|
| 999 |
|
|
|c 131699
|d 131699
|